Obchodné právo SEPI - aktualizácia č. 3 : inštalačné heslo CD ROM SEPI A: FH6-3125

Bibliographic Details
Corporate Author: Slovensko (Author)
Format: Book
Language:Slovak
PhysicalDescription:1 zv. (rozličné stránkovanie) 21 cm
Published: Žilina Systém ekonomických a právnych informácií [2006]
ISBN:8088961009
Edition:[1. vyd.]
Subjects:

MARC

LEADER 00000nam a2200000 a 4500
001 vtls010314010
003 SK-MaSNL
005 20260426015228.0
008 190927s2006 xo fl 000 0 slo
015 |a SNBI2012/04-01332 
020 |a 8088961009 
035 |a 06C9D5C8-8EF2-4A66-941C-3F9D39A39636 
035 |a urn:nbn:sk:snk-amlal0 
035 |a urn:nbn:sk:snk-am00935s 
040 |a SNK  |b slo  |c SNK  |e AACR2 
041 0 |a slo 
043 |a e-xo--- 
044 |a xo  |c SK 
072 7 |a 347  |x Súkromné právo  |2 konspekt 
080 |a 347.7  |2 2001 
080 |a 347.72  |2 2001 
080 |a 658.114  |2 2001 
080 |a (437.6)  |2 2001 
080 |a (094.5)  |2 2001 
080 |a (035)  |2 2001 
110 1 |a Slovensko  |4 aut  |9 266955 
240 1 0 |a Zákony, etc. 
245 1 0 |a Obchodné právo  |b SEPI - aktualizácia č. 3 : inštalačné heslo CD ROM SEPI A: FH6-3125 
250 |a [1. vyd.] 
260 |a Žilina  |b Systém ekonomických a právnych informácií  |c [2006] 
300 |a 1 zv. (rozličné stránkovanie)  |c 21 cm 
500 |a Voľné listy do karisbloku v igelitovom obale 
650 0 7 |a obchodné právo  |2 SNKPH  |9 2216 
650 0 7 |a podnikanie  |2 SNKPH  |9 1757 
651 7 |a Slovensko  |2 SNKPH  |9 14231 
655 7 |a zákony  |2 SNKPH  |9 70186 
655 7 |a právne predpisy  |2 SNKPH  |9 70481 
655 7 |a príručky  |2 SNKPH  |9 74364 
919 |a 80-88961-00-9 
999 |c 1179513  |d 1181443 
952 |a SNK  |b SNK  |y PREZ  |7 0  |p 17A0718591  |o snkSC 102061/príl.3  |i snk2011/19973  |8 0  |0 0  |1 0  |4 0  |d 2011-09-27  |f 1  |l 0  |r 2025-09-23 00:00:00  |w 2026-02-24 
952 |a SNK  |b SNK  |y VYP  |7 0  |p 17A0718590  |o snkSC 102061/príl.3 D1  |i snk2011/19974  |8 0  |0 0  |1 0  |4 0  |d 2011-09-27  |l 0  |r 2026-02-24 21:34:05  |w 2026-02-24